|
|
|
|
| LEADER |
02489nam a2200697 i 4500 |
| 001 |
nkc20203264748 |
| 003 |
CZ PrNK |
| 005 |
20240603095157.0 |
| 007 |
ta |
| 008 |
201202s2020 xr abc e f 001 0 cze |
| 015 |
|
|
|a cnb003264748
|
| 020 |
|
|
|a 978-80-242-7011-1
|q (vázáno) :
|c Kč 679,00
|
| 035 |
|
|
|a (OCoLC)1237097956
|
| 040 |
|
|
|a ABA001
|b cze
|e rda
|
| 041 |
1 |
|
|a cze
|h eng
|
| 072 |
|
7 |
|a 574
|x Obecná ekologie
|2 Konspekt
|9 2
|
| 080 |
|
|
|a 574
|2 MRF
|
| 080 |
|
|
|a 575.8
|2 MRF
|
| 080 |
|
|
|a 574.1
|2 MRF
|
| 080 |
|
|
|a 574.4/.5
|2 MRF
|
| 080 |
|
|
|a 504.5
|2 MRF
|
| 080 |
|
|
|a 502.17
|2 MRF
|
| 080 |
|
|
|a (0.062)
|2 MRF
|
| 080 |
|
|
|a (031)
|2 MRF
|
| 130 |
0 |
|
|a Ecology book.
|l Česky
|
| 245 |
1 |
0 |
|a Kniha ekologie /
|c předmluva Tonyho Junipera ; z anglického originálu The ecology book ... přeložil Petr Roth
|
| 250 |
|
|
|a Vydání první
|
| 264 |
|
1 |
|a Praha :
|b Euromedia Group,
|c 2020
|
| 300 |
|
|
|a 352 stran :
|b ilustrace (převážně barevné), mapy, portréty ;
|c 25 cm
|
| 336 |
|
|
|a text
|b txt
|2 rdacontent
|
| 336 |
|
|
|a statický obraz
|b sti
|2 rdacontent
|
| 337 |
|
|
|a bez média
|b n
|2 rdamedia
|
| 338 |
|
|
|a svazek
|b nc
|2 rdacarrier
|
| 490 |
1 |
|
|a Universum
|
| 500 |
|
|
|a Chronologické přehledy
|
| 500 |
|
|
|a Obsahuje rejstřík
|
| 650 |
0 |
7 |
|a ekologie
|7 ph114418
|2 czenas
|
| 650 |
0 |
7 |
|a evoluce (biologie)
|7 ph114506
|2 czenas
|
| 650 |
0 |
7 |
|a biodiverzita
|7 ph118885
|2 czenas
|
| 650 |
0 |
7 |
|a ekosystémy
|7 ph114432
|2 czenas
|
| 650 |
0 |
7 |
|a znečištění životního prostředí
|7 ph135331
|2 czenas
|
| 650 |
0 |
7 |
|a ochrana životního prostředí
|7 ph115553
|2 czenas
|
| 650 |
0 |
9 |
|a ecology
|2 eczenas
|
| 650 |
0 |
9 |
|a evolution (biology)
|2 eczenas
|
| 650 |
0 |
9 |
|a biodiversity
|2 eczenas
|
| 650 |
0 |
9 |
|a ecosystems
|2 eczenas
|
| 650 |
0 |
9 |
|a environmental pollution
|2 eczenas
|
| 650 |
0 |
9 |
|a environmental protection
|2 eczenas
|
| 655 |
|
7 |
|a populárně-naučné publikace
|7 fd131864
|2 czenas
|
| 655 |
|
7 |
|a encyklopedie
|7 fd132201
|2 czenas
|
| 655 |
|
9 |
|a popular works
|2 eczenas
|
| 655 |
|
9 |
|a encyclopedias
|2 eczenas
|
| 700 |
1 |
|
|a Juniper, Tony,
|d 1960-
|7 jcu2012737272
|4 wfw
|
| 700 |
1 |
|
|a Roth, Petr,
|d 1961-
|7 mzk2003185860
|4 trl
|
| 830 |
|
0 |
|a Universum (Euromedia Group)
|0 s
|
| 910 |
2 |
|
|a BOA001
|b 2-1458.230
|
| 990 |
|
|
|a BK
|
| 995 |
|
|
|a 01
|
| 991 |
|
|
|b 202101
|c NOV
|
| 996 |
6 |
|
|b 2610847329
|c 2-1458.230
|l MZK
|r Sklad / do 1 hodiny
|n 8
|p p.v.
|w 001834956
|u 000010
|a 1
|e BOA001
|j MZK50
|s P
|
| 996 |
7 |
|
|b 2610848057
|c 2-1458.230
|l Vol.výběr
|r VV 0p
|n 14
|p kup
|h 502 KNI
|w 001834956
|u 000020
|a 0
|e BOA001
|j MZK50
|s A
|